British Company Logos #2 - Statistics

General Stats
  • This quiz has been taken 172 times
  • The average score is 9 of 16
Answer Stats
Picture Answer % Correct
Virgin
93%
BBC
92%
Channel 4
77%
British Airways
73%
ITV
72%
Premier Inn
71%
Hovis
68%
Holiday Inn
62%
Warburtons
59%
Waitrose
54%
Ryanair
49%
Network Rail
44%
Travelodge
44%
Dunlop
34%
The Times
24%
P&O Cruises
17%
No matching quizzes found
Score Distribution
Percent of People with Each Score
Percentile by Number Answered
Your Score History
You have not taken this quiz